| 000 | 00558nam a22002057a 4500 | ||
|---|---|---|---|
| 005 | 20240627111326.0 | ||
| 008 | 240506b |||||||| |||| 00| 0 eng d | ||
| 020 |
_a9788129124913 _cRs.195.00 |
||
| 040 | _aLoreto College | ||
| 041 | _aEnglish | ||
| 082 |
_a920 _bKAL |
||
| 100 | _aKalam, A.P.J | ||
| 245 |
_aMy journey _bTransforming dreams into actions _cA.P.J Abdul Kalam |
||
| 260 |
_aNew Delhi _bRupa _c2021 |
||
| 300 |
_a147p. _b20cm. |
||
| 500 | _aSiksha Ratna Award 2017 | ||
| 650 | _aKalam, A.P.J-Autobiography | ||
| 850 | _aLCLIB | ||
| 942 | _cBK | ||
| 999 |
_c43744 _d94223 |
||